000 00771nam a22002417a 4500
003 OSt
005 20260511090809.0
008 260511b |||||||| |||| 00| 0 eng d
020 _a9780756671686
040 _aKenya National Library Service
082 _a649.122 PET
100 _aPeters, Ann
_eAuthor
245 _aBabycare :
_beverything you need to know /
_cAnn Peters.
300 _a192 pages :
_bcolor illustrations,
_c24 cm.
504 _aIncludes index.
520 _aA guide to caring for a baby covers such topics as feeding, sleep habits, baths, healthcare, and play.
650 _aBabies.
650 _aChild rearing.
650 _aChild Care.
942 _2ddc
_cBK
_n0
999 _c492639
_d492639